KOHA-Header-6

Adab-e-Zindagi (Record no. 6149)

000 -LEADER
fixed length control field 00334nam a2200145Ia 4500
003 - CONTROL NUMBER IDENTIFIER
control field OSt
005 - DATE AND TIME OF LATEST TRANSACTION
control field 20200505132944.0
008 - FIXED-LENGTH DATA ELEMENTS--GENERAL INFORMATION
fixed length control field 190906s9999||||xx |||||||||||||| ||und||
040 ## - CATALOGING SOURCE
Transcribing agency 123
100 ## - MAIN ENTRY--PERSONAL NAME
Personal name Molana Yousuf islahi
245 #2 - TITLE STATEMENT
Title Adab-e-Zindagi
260 ## - PUBLICATION, DISTRIBUTION, ETC. (IMPRINT)
Place of publication, distribution, etc Karachi
Name of publisher, distributor, etc Dorling Kindersley
Date of publication, distribution, etc 1991
300 ## - PHYSICAL DESCRIPTION
Extent 992
942 ## - ADDED ENTRY ELEMENTS (KOHA)
Koha item type Books
Source of classification or shelving scheme
Holdings
Withdrawn status Lost status Damaged status Not for loan Permanent Location Current Location Date acquired Total Checkouts Full call number Barcode Date last seen Date checked out Price effective from Koha item type
        MAJU MAJU 2019-09-06 2 491.43 734 2021-02-24 2020-05-05 2019-09-06 Books

Powered by Koha